01653nam a2200373 a 4500001001200000003000800012006001900020007001500039008004100054010001700095020003100112020002700143040002100170035002100191043001200212050002200224082001800246100002100264245011500285260004400400300002200444440006700466504006400533505015900597533015200756650005200908650005300960650005301013650002401066655002901090710001701119856012601136999001701262ebr10729090CaPaEBRm o u cr cn|||||||||130304s2013 gw a sb 001 0 eng d z 2013003643 z9783110282825 (alk. paper) z9783110282931 (e-book) aCaPaEBRcCaPaEBR a(OCoLC)852656928 ae-gx---14aDD86b.M38 2013eb04a907.2/0432231 aMaurer, Kathrin.10aVisualizing the pasth[electronic resource] :bthe power of the image in German historicism /cKathrin Maurer. aBerlin ;aBoston :bDe Gruyter,cc2013. ax, 250 p. :bill. 0aInterdisciplinary German cultural studies,x1861-8030 ;vv. 13 aIncludes bibliographical references (p. 227-242) and index.0 apt. 1. Leopold von Ranke and the panorama -- pt. 2. Jacob Burckhardt and photography -- pt. 3. Illustrated history books -- pt. 4. Historical cartography. aElectronic reproduction.bPalo Alto, Calif. :cebrary,d2013.nAvailable via World Wide Web.nAccess may be limited to ebrary affiliated libraries. 0aHistoriographyzGermanyxHistoryy19th century. 0aArt and historyzGermanyxHistoryy19th century. 0aArt and societyzGermanyxHistoryy19th century. 0aHistoricism in art. 7aElectronic books.2local2 aebrary, Inc.40uhttp://site.ebrary.com/lib/rucke/Doc?id=10729090zAn electronic book accessible through the World Wide Web; click to view c36679d36679